000 00653nam a2200241Ia 4500
003 OSt
005 20220916110943.0
006 a|||||r|||| 00| 0
007 ta
008 220915b |||||||| |||| 00| 0 eng d
024 _a29332
037 _cTextbook
040 _beng
_aARTS
_cARTS
041 _aeng
082 _aO111,2L2:g(S:523), F4 (EO)
100 _aDobree Bonamy
245 0 _aRestoration comedy 1660-1720
260 _aOxford
_bClarendon Press UK
300 _a178p.
_ccm.
650 _aENGLISH LITERATURE
942 _hO111,2L2:g(S:523), F4 (EO)
_cTB
_2CC
999 _c102166
_d102166